Statistics for Flags that are Red & White Only

Click here to take the quiz!

General Stats

  • This quiz has been taken 36,510 times
  • The average score is 12 of 17

Answer Stats

Answer% Correct
Canada
97%
Japan
96%
Switzerland
93%
Turkey
87%
Poland
86%
Denmark
84%
Austria
80%
Georgia
73%
Qatar
68%
Latvia
67%
Indonesia
65%
Monaco
60%
Bahrain
59%
Singapore
58%
Tunisia
58%
Peru
54%
Tonga
41%

Score Distribution

Percentile by Number Answered

Percent of People with Each Score

Your Score History

You have not taken this quiz